Culturas y estéticas contemporáneas /
Guardado en:
| Autor Principal: | |
|---|---|
| Otros Autores: | , |
| Formato: | Libro |
| Publicado: |
Buenos Aires :
Puerto de Palos ,
2006
|
| Series: | Activa
|
| Materias: | |
| Etiquetas: |
Agregar Etiqueta
Sin Etiquetas, Sea el primero en etiquetar este registro!
|
| LEADER | 01335nam a22002895a 4500 | ||
|---|---|---|---|
| 001 | CEM.cems010927 | ||
| 005 | 20080228083739.0 | ||
| 008 | 130507s2006##################000#0#####d | ||
| 003 | CEMS | ||
| 020 | |a 9875470503 | ||
| 082 | 0 | 4 | |a Z301.153 |
| 100 | 1 | |a Ferreras ,cristina | |
| 245 | 1 | 0 | |a Culturas y estéticas contemporáneas / |c Cristina Ferreras , Alejandro Labastía y Cecilia Nicolini. |
| 260 | |a Buenos Aires : |b Puerto de Palos , |c 2006 | ||
| 300 | |a 285 p. | ||
| 490 | 0 | |a Activa | |
| 500 | |a Para Polimodal | ||
| 505 | 0 | |a La cultura -- Cultura, sociedad y participación -- El arte y la estética -- El arte y los medios de comunicación -- Vanguardias europeas (1905-1924) -- El arte latinoamericano de la primera mitad del siglo XX -- El arte en la Argentina (1910-1950) -- Movimientos de posguerra europeos -- Movimientos de posguerra en los Estados Unidos -- Movimientos argentinos de la década de 1960 -- Las estéticas contemporáneas -- Glosario -- Bibliografía de consulta. | |
| 653 | |a Arte | ||
| 653 | |a Estética | ||
| 653 | |a Comunicación | ||
| 653 | |a Movimientos artísticos | ||
| 653 | |a Cultura | ||
| 700 | 1 | |a Labastía, Alejandro | |
| 700 | 1 | |a Nicolini, Cecilia | |
| 859 | |a CEMS |b BIB. CEMS - 11 de abril |h Z301.153 |i F414 |p 21687.02 |t Ej.1 | ||
| 859 | |a CEMS |b BIB. CEMS - 11 de abril |h Z301.153 |i F414 |p 22235.03 |t Ej.2 | ||
